Monografia.

Bibliographic Details
Corporate Author: Salvador, Brazil. Escola Agricola de Bahia
Format: Serial
Language:Portuguese
Published: Salvador? [publisher not identified] ;
Subjects:

MARC

Tag First Indicator Second Indicator Subfields
LEADER 00000cas a2200000 4500
001 in00000282909
005 20151010090856.0
008 790707c19429999bl uu m s0uuua0por d
035 |a (OCoLC)05146856 
035 |9 ABG4917AM 
040 |a TXA  |c TXA  |d UtOrBLW 
049 |a TXAE 
090 |a S15  |b .S21 
110 1 |a Salvador, Brazil.  |b Escola Agricola de Bahia. 
245 1 0 |a Monografia. 
264 1 |a Salvador?  |b [publisher not identified] ; 
300 |a  numbers :  |b illustrations 
336 |a text  |b txt  |2 rdacontent 
337 |a unmediated  |b n  |2 rdamedia 
338 |a volume  |b nc  |2 rdacarrier 
362 0 |a no. 1- 1942- 
650 0 |a Agriculture  |z Brazil. 
999 |a MARS 
999 f f |s a8000a08-e856-3ae9-ad7c-96765cfd144e  |i 832539ee-5d69-3e59-8ec5-aed80259ddce  |t 0 
952 f f |a Texas A&M University  |b College Station  |c Sterling C. Evans Library  |d Evans: Library Stacks  |t 0  |e S15 .S21  |h Library of Congress classification 
998 f f |a S15 .S21  |t 0  |l Evans: Library Stacks